| 000 | 00766nam a2200205 i 4500 | ||
|---|---|---|---|
| 001 | 185637 | ||
| 003 | ES-MaACL | ||
| 005 | 20251005063139.0 | ||
| 008 | 160729s1926 fr |||| | fre d | ||
| 100 | 1 |
_aBroca, Auguste, _d1859-1924 _9160249 |
|
| 245 | 1 | 0 |
_aMaladies des articulations et difformités articulaires / _cpar A. Broca, ... et Raoul Monod. |
| 260 |
_aParis : _bJ.-B. Baillière et fils, _c1926. |
||
| 300 |
_a453 p. : _bil. ; _c24 cm. |
||
| 490 | 1 |
_aNouveau traité de chirurgie clinique et opératoire ; _v9 |
|
| 650 | 0 | 4 |
_aArticulaciones- _xEnfermedades. _910349 |
| 700 | 1 |
_aMonod, Raoul. _9160251 |
|
| 830 | 0 |
_aNouveau traité de chirurgie clinique et opératoire ; _v9 _9192361 |
|
| 852 |
_aES-MaACL _jB-13550 |
||
| 999 |
_c185637 _d185637 |
||